| 000 | 00633nam a2200205Ia 4500 | ||
|---|---|---|---|
| 003 | IN-BaIIA | ||
| 008 | 211028s9999 xx 000 0 eng d | ||
| 020 | _a0-13-038560-3 | ||
| 040 | _cIIA Library | ||
| 080 |
_a681.3.068 _bWEL |
||
| 100 |
_aWelch, Brent B _931283 |
||
| 245 | 0 |
_aPractical programming in Tcl/Tk _cBrent B. Welch and Ken Jones |
|
| 250 | _a4th ed. | ||
| 260 |
_aNew Jersey _bPrentice-Hall _c2007 |
||
| 300 | _aLx, 882p. | ||
| 650 |
_atcl (computer program language) TCL/TK programming language _931284 |
||
| 650 |
_aTK toolkit _931285 |
||
| 700 |
_aJones, Ken _931286 |
||
| 942 | _cBK | ||
| 999 |
_c16763 _d16763 |
||